[Event "Cesme op 6th"]
[Site "Cesme"]
[Date "2018.06.26"]
[Round "1"]
[White "Makaraci, Tunahan"]
[Black "Baklan, Vladimir"]
[Result "0-1"]
[WhiteElo "2021"]
[BlackElo "2595"]
[PlyCount "80"]
[EventDate "2018.06.26"]
[EventType "swiss"]
[EventRounds "9"]
[EventCountry "TUR"]
[SourceTitle "OM OTB B 201907"]
[Source "Opening Master"]
[SourceDate "2019.07.06"]
[SourceVersion "2"]
[SourceVersionDate "2019.07.06"]
[SourceQuality "1"]

1. e4 c5 2. Nf3 Nc6 3. d4 cxd4 4. Nxd4 Nf6 5. Nc3 d6 6. Be2 e5 7. Ndb5 a6 8.
Na3 b5 9. Nd5 Nxd5 10. exd5 Nd4 11. Be3 Qa5+ 12. c3 Nxe2 13. Qxe2 Bb7 14. Rd1
Be7 15. Qg4 g6 16. Bh6 f5 17. Qe2 Kf7 18. O-O Rhe8 19. Rfe1 Bf6 20. Bc1 Rac8
21. Qe3 Kg8 22. Nc2 f4 23. Qh3 Qc7 24. g3 g5 25. Qf5 Qf7 26. Qd3 Bd8 27. g4 Rc5
28. Nb4 Ba5 29. Nc6 Bxc6 30. dxc6 Rxc6 31. Qe4 Rc4 32. Qd5 Bc7 33. Qb7 Rb8 34.
Qxa6 Qd7 35. Qa3 Qxg4+ 36. Kh1 Qf3+ 37. Kg1 Qh3 38. Kh1 f3 39. Rg1 Rh4 40.
Rxg5+ Kh8 0-1

[Event "CHN-chT"]
[Site "Hangzhou"]
[Date "2018.06.25"]
[Round "9.8"]
[White "Lu, Kaiyan"]
[Black "Bao, Qilin"]
[Result "0-1"]
[WhiteElo "1644"]
[BlackElo "2430"]
[PlyCount "86"]
[EventDate "2018.06.19"]
[EventType "team-swiss"]
[EventRounds "9"]
[EventCountry "CHN"]
[SourceTitle "OM OTB B 201907"]
[Source "Opening Master"]
[SourceDate "2019.07.06"]
[SourceVersion "2"]
[SourceVersionDate "2019.07.06"]
[SourceQuality "1"]
[WhiteTeam "Shanxi"]
[BlackTeam "Heilongjiang"]
[WhiteTeamCountry "CHN"]
[BlackTeamCountry "CHN"]

1. e4 c5 2. Nf3 Nc6 3. d4 cxd4 4. Nxd4 Nf6 5. Nc3 d6 6. Be2 e5 7. Nf3 h6 8. O-O
Be7 9. h3 O-O 10. Re1 a6 11. a4 Be6 12. Bf1 Rc8 13. Be3 d5 14. exd5 Nxd5 15.
Nxd5 Qxd5 16. c3 Qxd1 17. Rexd1 f6 18. Nd2 Nb8 19. f4 exf4 20. Bxf4 Rfd8 21.
Nf3 Kf7 22. Kh1 Nc6 23. Be3 g5 24. Be2 Bb3 25. Rf1 Kg6 26. Nd4 Nxd4 27. Bxd4
Bc2 28. Bf3 Rd7 29. Rf2 Bf5 30. g4 Be6 31. Be4+ Kg7 32. Bf5 Rc6 33. Re1 Kf7 34.
Bxe6+ Rxe6 35. Rxe6 Kxe6 36. Kg2 Rd5 37. Re2+ Kf7 38. Kf3 f5 39. gxf5 Rxf5+ 40.
Ke4 Rf4+ 41. Kd5 h5 42. Rf2 Rxf2 43. Bxf2 Kf6 0-1

[Event "Cheliabinsk Kibizov Memorial-A"]
[Site "Cheliabinsk"]
[Date "2018.06.25"]
[Round "5"]
[White "Petrenko, Svetlana"]
[Black "Prudnikova, Svetlana"]
[Result "1/2-1/2"]
[WhiteElo "2188"]
[BlackElo "2252"]
[PlyCount "22"]
[EventDate "2018.06.21"]
[EventType "tourn"]
[EventRounds "9"]
[EventCountry "RUS"]
[SourceTitle "OM OTB B 201907"]
[Source "Opening Master"]
[SourceDate "2019.07.06"]
[SourceVersion "2"]
[SourceVersionDate "2019.07.06"]
[SourceQuality "1"]

1. e4 c5 2. Nf3 Nc6 3. d4 cxd4 4. Nxd4 Nf6 5. Nc3 d6 6. Be2 e5 7. Nb3 Be7 8.
O-O O-O 9. Kh1 a5 10. a4 Nb4 11. f4 Be6 1/2-1/2

[Event "Wch U12 blitz"]
[Site "Minsk"]
[Date "2018.06.24"]
[Round "4"]
[White "Sheremetev, Vladislav"]
[Black "Pidluznij, Gleb"]
[Result "0-1"]
[WhiteElo "1589"]
[BlackElo "1921"]
[PlyCount "54"]
[EventDate "2018.06.24"]
[EventType "swiss (blitz)"]
[EventRounds "9"]
[EventCountry "BLR"]
[SourceTitle "OM OTB B 201907"]
[Source "Opening Master"]
[SourceDate "2019.07.06"]
[SourceVersion "2"]
[SourceVersionDate "2019.07.06"]
[SourceQuality "1"]

1. e4 c5 2. Nf3 Nc6 3. d4 cxd4 4. Nxd4 Nf6 5. Nc3 d6 6. Be2 e5 7. Nb3 Be7 8.
O-O a5 9. Bg5 O-O 10. Bxf6 Bxf6 11. Nd5 a4 12. Nd2 Nd4 13. c3 Nxe2+ 14. Qxe2
Be6 15. Nxf6+ Qxf6 16. Rfd1 Rfd8 17. Nc4 Qe7 18. Nb6 Ra6 19. Nd5 Bxd5 20. Rxd5
Qc7 21. Rad1 a3 22. Qd2 axb2 23. Qxb2 Rc6 24. Qd2 Rxc3 25. Rxd6 Rxd6 26. Qxd6
Qxd6 27. Rxd6 Rc1+ 0-1

[Event "14th Baltic Pearl Open"]
[Site "Lazy POL"]
[Date "2018.06.24"]
[Round "1.18"]
[White "Czarniecka, Aleksandra"]
[Black "Wojdak, Jan"]
[Result "0-1"]
[WhiteElo "1983"]
[BlackElo "1712"]
[PlyCount "104"]
[EventDate "2018.06.24"]
[EventType "swiss"]
[EventRounds "9"]
[EventCountry "POL"]
[SourceTitle "The Week in Chess 1233"]
[Source "Mark Crowther"]
[SourceDate "2018.06.25"]
[SourceVersion "1"]
[SourceVersionDate "2018.06.25"]
[SourceQuality "2"]

1. e4 c5 2. Nf3 Nc6 3. d4 cxd4 4. Nxd4 Nf6 5. Nc3 d6 6. Be2 e5 7. Nb3 Be7 8.
O-O O-O 9. Kh1 a5 10. a4 Nb4 11. f4 b6 12. Bf3 Bb7 13. Qe2 Qc7 14. Rf2 Ba6 15.
Nb5 Bxb5 16. Qxb5 Nxc2 17. Rb1 Rac8 18. Bd2 Qc6 19. Qxc6 Rxc6 20. fxe5 dxe5 21.
Bc3 Na3 22. Rc1 Rfc8 23. g4 h6 24. Kg2 Nc4 25. h4 Bb4 26. Bxb4 axb4 27. Kh3 Nd6
28. Rxc6 Rxc6 29. Nd2 Rc2 30. b3 Rc3 31. Kg2 Re3 32. Re2 Rxe2+ 33. Bxe2 Nfxe4
34. Nxe4 Nxe4 35. Bc4 Kf8 36. Bd5 Nf6 37. Bf3 Ke7 38. Kf2 e4 39. Be2 Kd6 40. g5
hxg5 41. hxg5 Nd5 42. Bc4 Ke5 43. Ke2 f5 44. gxf6 gxf6 45. Kf2 f5 46. Ke2 f4
47. Kf2 Kd4 48. Ke2 Nf6 49. Be6 Ke5 50. Bc8 f3+ 51. Kf2 Kf4 52. Bb7 e3+ 0-1

[Event "It (open) \"Baltic Pearl\""]
[Site "Lazy (Poland)"]
[Date "2018.06.24"]
[Round "1"]
[White "Zarebska Lena (POL)"]
[Black "Stachanczyk Jacek (POL)"]
[Result "0-1"]
[WhiteElo "1754"]
[BlackElo "2192"]
[PlyCount "66"]
[EventDate "2018.??.??"]
[SourceTitle "OM OTB B 201907"]
[Source "Opening Master"]
[SourceDate "2019.07.06"]
[SourceVersion "2"]
[SourceVersionDate "2019.07.06"]
[SourceQuality "1"]

1. e4 c5 2. Nf3 Nc6 3. d4 cxd4 4. Nxd4 Nf6 5. Nc3 d6 6. Be2 e5 7. Nb3 Be7 8.
O-O O-O 9. Be3 a5 10. a3 Be6 11. Nd5 Nxe4 12. Bb6 Qd7 13. Nc7 Rac8 14. Nxe6
Qxe6 15. Nxa5 Nxa5 16. Bxa5 d5 17. Bd3 Nc5 18. Bb5 Kh8 19. Re1 f5 20. Qe2 Ne4
21. Bb4 Bxb4 22. axb4 f4 23. Bd3 f3 24. Qe3 Qg4 25. g3 Rf6 26. Ra3 Rcf8 27. c4
Qh5 28. cxd5 Nxg3 29. fxg3 f2+ 30. Kg2 fxe1=Q 31. Qxe1 Qf3+ 32. Kg1 Qxd5 33.
Be4 Qd4+ 0-1

[Event "Oslo Sveins op 11th"]
[Site "Oslo"]
[Date "2018.06.22"]
[Round "1"]
[White "Nilsen, Tobias Lang"]
[Black "Lugovoi, Aleksei"]
[Result "0-1"]
[WhiteElo "2052"]
[BlackElo "2531"]
[PlyCount "50"]
[EventDate "2018.06.22"]
[EventType "swiss"]
[EventRounds "9"]
[EventCountry "NOR"]
[SourceTitle "OM OTB B 201907"]
[Source "Opening Master"]
[SourceDate "2019.07.06"]
[SourceVersion "2"]
[SourceVersionDate "2019.07.06"]
[SourceQuality "1"]

1. e4 c5 2. Nf3 d6 3. d4 cxd4 4. Nxd4 Nf6 5. Nc3 Nc6 6. Be2 e5 7. Ndb5 a6 8.
Na3 b5 9. Nd5 Nxd5 10. exd5 Nd4 11. Bd3 g6 12. c3 Nf5 13. c4 b4 14. Qa4+ Bd7
15. Qxb4 Rb8 16. Qc3 Bg7 17. Be4 O-O 18. Nc2 Nh4 19. g3 f5 20. gxh4 fxe4 21.
Bg5 Qb6 22. c5 dxc5 23. Be7 Rf3 24. Qxc5 Qxb2 25. Qd6 Qc3+ 0-1

[Event "Teplice op 13th"]
[Site "Teplice"]
[Date "2018.06.21"]
[Round "6"]
[White "Movsesian, Sergei"]
[Black "Romanov, Evgeny"]
[Result "1/2-1/2"]
[WhiteElo "2633"]
[BlackElo "2628"]
[PlyCount "62"]
[EventDate "2018.06.16"]
[EventType "swiss"]
[EventRounds "9"]
[EventCountry "CZE"]
[SourceTitle "OM OTB B 201907"]
[Source "Opening Master"]
[SourceDate "2019.07.06"]
[SourceVersion "2"]
[SourceVersionDate "2019.07.06"]
[SourceQuality "1"]

1. e4 c5 2. Nf3 Nc6 3. d4 cxd4 4. Nxd4 Nf6 5. Nc3 d6 6. Be2 e5 7. Nb3 Be7 8.
O-O O-O 9. Be3 Be6 10. Qd2 a5 11. a3 a4 12. Nc1 Ra5 13. Nd3 d5 14. exd5 Nxd5
15. Nxd5 Rxd5 16. Bf3 Rb5 17. Bxc6 bxc6 18. Qc3 Qa5 19. Nb4 Rc8 20. Nxc6 Qxc3
21. Nxe7+ Kf8 22. bxc3 Kxe7 23. Bd2 Rb2 24. c4 Rxc4 25. Bb4+ Kf6 26. c3 Re4 27.
Rfe1 Bf5 28. Rxe4 Bxe4 29. Rc1 h5 30. c4 Rb1 31. Rxb1 Bxb1 1/2-1/2

[Event "EU-ch Amateur U2300"]
[Site "Niksic"]
[Date "2018.06.16"]
[Round "4"]
[White "Andjic, Milonja"]
[Black "Pobor, Danilo"]
[Result "0-1"]
[WhiteElo "2039"]
[BlackElo "1931"]
[PlyCount "168"]
[EventDate "2018.06.14"]
[EventType "swiss"]
[EventRounds "9"]
[EventCountry "MNE"]
[SourceTitle "OM OTB B 201907"]
[Source "Opening Master"]
[SourceDate "2019.07.06"]
[SourceVersion "2"]
[SourceVersionDate "2019.07.06"]
[SourceQuality "1"]

1. e4 c5 2. Nf3 Nc6 3. d4 cxd4 4. Nxd4 Nf6 5. Nc3 d6 6. Be2 e5 7. Nb3 Be7 8.
Be3 O-O 9. O-O a5 10. a4 Nb4 11. f4 Be6 12. Nd2 exf4 13. Bxf4 d5 14. e5 Qb6+
15. Kh1 Nd7 16. Nb5 Nc5 17. c3 Nc6 18. Be3 Qd8 19. Nf3 Nd7 20. Bf4 Qb8 21. Qe1
Nc5 22. Nbd4 Qd8 23. Bb5 Rc8 24. Nd2 Bg5 25. Qg3 h6 26. Bxc6 bxc6 27. b4 Bxf4
28. Rxf4 Nd7 29. Raf1 Qe7 30. Re1 c5 31. Nxe6 fxe6 32. bxa5 Rxf4 33. Qxf4 Rf8
34. Qe3 Rf5 35. Nf3 Qd8 36. Qd3 Qxa5 37. Rb1 Qxa4 38. h3 Qe4 39. Qb5 Rf7 40.
Re1 Qc2 41. Qc6 Qf5 42. Qd6 g5 43. Ra1 Nf8 44. Qxc5 h5 45. Qe3 g4 46. Nd4 Qg6
47. h4 g3 48. Nf3 Qg4 49. Qg5+ Qxg5 50. Nxg5 Rc7 51. Rc1 d4 52. Ne4 Nd7 53.
Nxg3 Rxc3 54. Rxc3 dxc3 55. Ne2 c2 56. Nc1 Nxe5 57. Kg1 Kf7 58. Kf2 Kf6 59. Ke3
Kf5 60. Kd2 Kg4 61. Kxc2 Ng6 62. Kd3 Nxh4 63. Ke4 Nxg2 64. Ne2 h4 65. Ng1 Nf4
66. Nf3 h3 67. Nh2+ Kg3 68. Nf3 Ng2 69. Nd2 Kf2 70. Nf3 Ne1 71. Nh2 Kg2 72. Ng4
Nc2 73. Kf4 Nd4 74. Ne3+ Kg1 75. Ng4 h2 76. Nxh2 Kxh2 77. Ke5 Kg3 78. Kxd4 Kf4
79. Kd3 e5 80. Ke2 Ke4 81. Kd2 Kf3 82. Ke1 e4 83. Kf1 e3 84. Ke1 e2 0-1

[Event "European Amateur U2300"]
[Site "Niksic MNE"]
[Date "2018.06.14"]
[Round "1.14"]
[White "Petrovic, Sla MNE"]
[Black "Batricevic, J."]
[Result "0-1"]
[WhiteElo "1984"]
[BlackElo "2166"]
[PlyCount "60"]
[EventDate "2018.06.14"]
[EventType "swiss"]
[EventRounds "9"]
[EventCountry "MNE"]
[SourceTitle "The Week in Chess 1234"]
[Source "Mark Crowther"]
[SourceDate "2018.07.02"]
[SourceVersion "1"]
[SourceVersionDate "2018.07.02"]
[SourceQuality "2"]

1. e4 c5 2. Ne2 Nc6 3. Nbc3 d6 4. d4 cxd4 5. Nxd4 Nf6 6. Be2 e5 7. Nb3 Be7 8.
Be3 Be6 9. O-O O-O 10. f3 d5 11. exd5 Nxd5 12. Nxd5 Bxd5 13. c4 Be6 14. Qxd8
Rfxd8 15. Rad1 b6 16. Rxd8+ Rxd8 17. Rc1 Nb4 18. a3 Nd3 19. Rc2 f5 20. Kf1 Bf6
21. Nd2 e4 22. b4 f4 23. Bxb6 axb6 24. Nxe4 Be7 25. Rc3 Ne5 26. c5 bxc5 27.
bxc5 Rc8 28. Bb5 Bd5 29. a4 Bxe4 30. fxe4 Rxc5 0-1

[Event "BIH-chT 17th"]
[Site "Jahorina"]
[Date "2018.06.10"]
[Round "9.2"]
[White "Gavric, Miladin"]
[Black "Stojanovic, Dalibor"]
[Result "0-1"]
[WhiteElo "2375"]
[BlackElo "2481"]
[PlyCount "92"]
[EventDate "2018.06.02"]
[EventType "team-tourn"]
[EventRounds "9"]
[EventCountry "BIH"]
[SourceTitle "OM OTB B 201907"]
[Source "Opening Master"]
[SourceDate "2019.07.06"]
[SourceVersion "2"]
[SourceVersionDate "2019.07.06"]
[SourceQuality "1"]
[WhiteTeam "Gacko Mladost"]
[BlackTeam "Busovaca Hrasno"]
[WhiteTeamCountry "BIH"]
[BlackTeamCountry "BIH"]

1. e4 c5 2. Nf3 Nc6 3. d4 cxd4 4. Nxd4 Nf6 5. Nc3 d6 6. Be2 e5 7. Nb3 Be7 8.
Bg5 O-O 9. Bxf6 Bxf6 10. Nd5 Bg5 11. O-O Be6 12. c3 a6 13. a4 Rc8 14. a5 Ne7
15. Nb6 Rc7 16. Bf3 Kh8 17. Qc2 g6 18. Rad1 Nc6 19. Nd5 Bxd5 20. Rxd5 Nb4 21.
Qd1 Nxd5 22. Qxd5 Qd7 23. Rd1 Rd8 24. g3 f5 25. h4 Bh6 26. Kg2 Qe7 27. Rd3 Kg7
28. Be2 Qf7 29. Qxf7+ Kxf7 30. Bf3 Ke7 31. exf5 gxf5 32. Bd5 Kf6 33. c4 Rb8 34.
Rf3 b5 35. axb6 Rxb6 36. g4 Bf4 37. gxf5 Rc8 38. Kh3 Rb4 39. Be6 Rc7 40. Rc3 a5
41. Nxa5 Rxb2 42. Kg2 e4 43. Kf1 Ra7 44. Rb3 Rc2 45. Rb5 e3 46. fxe3 Bxe3 0-1

[Event "Mitropa Cup 2018"]
[Site "Le Castella ITA"]
[Date "2018.06.08"]
[Round "8.4"]
[White "Vykouk, Jan"]
[Black "Dobrovoljc, Vid"]
[Result "1/2-1/2"]
[WhiteElo "2425"]
[BlackElo "2294"]
[PlyCount "167"]
[EventDate "2018.05.31"]
[EventType "team"]
[EventRounds "9"]
[EventCountry "ITA"]
[SourceTitle "The Week in Chess 1231"]
[Source "Mark Crowther"]
[SourceDate "2018.06.11"]
[SourceVersion "2"]
[SourceVersionDate "2018.06.12"]
[SourceQuality "2"]
[WhiteTeam "Czech Rep."]
[BlackTeam "Slovenia"]
[BlackTeamCountry "SLO"]

1. e4 c5 2. Nf3 d6 3. d4 cxd4 4. Nxd4 Nf6 5. Nc3 Nc6 6. Be2 e5 7. Nf3 Be7 8.
Bg5 O-O 9. O-O Be6 10. Qd2 Qb6 11. a3 Rfd8 12. Bxf6 Bxf6 13. Nd5 Bxd5 14. Qxd5
Nd4 15. Nxd4 Qxd4 16. Bc4 Qxd5 17. Bxd5 Rd7 18. a4 Rc8 19. c3 Bd8 20. g3 a5 21.
Kg2 Bb6 22. f4 Kf8 23. Rf3 Bd8 24. Raf1 Bf6 25. fxe5 dxe5 26. h4 Rcc7 27. Rf5
Kg8 28. Kh3 h5 29. Rxh5 g6 30. Rxf6 gxh5 31. Rf5 Kg7 32. Rxe5 Kg6 33. Rg5+ Kh6
34. Rf5 Kg6 35. g4 hxg4+ 36. Kxg4 Rd6 37. Rg5+ Kh7 38. Kf5 Rh6 39. h5 f6 40.
Rg2 Re7 41. Bg8+ Kh8 42. Be6 Rg7 43. Rd2 Rg5+ 44. Kf4 Rhxh5 45. Rd8+ Kh7 46.
Bf5+ Kh6 47. Rh8+ Kg7 48. Rb8 Rg2 49. Rxb7+ Kf8 50. Ke3 Rhh2 51. b4 Rd2 52. Bg4
Ra2 53. b5 Rxa4 54. b6 Rb2 55. Be6 Ra1 56. c4 Rc1 57. Bd5 a4 58. Rb8+ Ke7 59.
b7 a3 60. Ra8 Rcb1 61. Rxa3 Rb3+ 62. Rxb3 Rxb3+ 63. Kf4 Rb2 64. c5 Kd7 65. Kf5
Rf2+ 66. Kg6 Kc7 67. c6 Rf1 68. Kf7 Rf2 69. Ke6 Rf1 70. Ke7 Rf2 71. Be6 Re2 72.
Bf5 Rc2 73. Bd7 Re2 74. Bf5 Rc2 75. e5 Rxc6 76. Bd7 Rc2 77. exf6 Kxb7 78. Bf5
Rf2 79. Ke6 Re2+ 80. Kd5 Re8 81. Kd6 Rf8 82. Be4+ Ka7 83. Ke7 Rxf6 84. Kxf6
1/2-1/2

[Event "CCCSA Summer IMA 2018"]
[Site "Charlotte USA"]
[Date "2018.06.08"]
[Round "5.3"]
[White "Stearman, Josiah"]
[Black "Guo, Arthur"]
[Result "0-1"]
[WhiteElo "2285"]
[BlackElo "2165"]
[PlyCount "94"]
[EventDate "2018.06.06"]
[EventType "tourn"]
[EventRounds "9"]
[EventCountry "USA"]
[EventCategory "2"]
[SourceTitle "The Week in Chess 1232"]
[Source "Mark Crowther"]
[SourceDate "2018.06.18"]
[SourceVersion "2"]
[SourceVersionDate "2018.06.18"]
[SourceQuality "2"]

1. e4 c5 2. Nc3 d6 3. Nge2 Nc6 4. d4 cxd4 5. Nxd4 Nf6 6. Be2 e5 7. Nf3 Be7 8.
O-O O-O 9. h3 h6 10. Be3 Be6 11. Qd2 a6 12. a4 Rc8 13. Rfd1 Qa5 14. Nd5 Bxd5
15. exd5 Qxd2 16. Rxd2 Nb4 17. c4 Ne4 18. Rdd1 Nc2 19. Rac1 Nxe3 20. fxe3 a5
21. Rc2 Bd8 22. Nd2 Nc5 23. Rb1 Bb6 24. b4 axb4 25. Rxb4 Ba5 26. Rb5 Bxd2 27.
Rxd2 f5 28. a5 Kf7 29. g4 g6 30. Bd1 e4 31. Rg2 Rg8 32. Rf2 Kf6 33. Kh2 Ke5 34.
h4 Rcf8 35. Rfb2 f4 36. exf4+ Rxf4 37. Rxc5 dxc5 38. Rxb7 Rf2+ 39. Kg3 Rd2 40.
Re7+ Kd4 41. d6 Rxd1 42. a6 Ra1 43. a7 Rd8 44. Kf4 Rxd6 45. Rxe4+ Kd3 46. Re1
Rd4+ 47. Kf3 Rxa7 0-1

[Event "BRA-ch Universities (Women)"]
[Site "Vitoria"]
[Date "2018.06.08"]
[Round "4"]
[White "Weber, Eduarda Pasqualoto"]
[Black "Alboredo, Julia"]
[Result "0-1"]
[WhiteElo "1875"]
[BlackElo "2166"]
[PlyCount "90"]
[EventDate "2018.06.06"]
[EventType "swiss"]
[EventRounds "7"]
[EventCountry "BRA"]
[SourceTitle "OM OTB B 201907"]
[Source "Opening Master"]
[SourceDate "2019.07.06"]
[SourceVersion "2"]
[SourceVersionDate "2019.07.06"]
[SourceQuality "1"]

1. e4 c5 2. Nc3 d6 3. Nf3 Nc6 4. d4 cxd4 5. Nxd4 Nf6 6. Be2 e5 7. Nf3 h6 8. O-O
Be7 9. Bc4 Bg4 10. Qd3 O-O 11. a3 a6 12. Nd5 Nxd5 13. Bxd5 Rc8 14. Nd2 Nd4 15.
c3 Be2 16. Qg3 Bxf1 17. cxd4 Bb5 18. Nf3 Kh7 19. dxe5 Bc6 20. Bxc6 Rxc6 21. Bf4
dxe5 22. Nxe5 Re6 23. Qb3 Qe8 24. Nd3 Rxe4 25. Qxb7 Qb8 26. Qxb8 Rxb8 27. Be3
Rd8 28. Nf4 Bf6 29. Rb1 Bxb2 30. g3 Bd4 31. Rb7 Kg8 32. Bxd4 Rexd4 33. Rb6 Ra4
34. Rb3 g5 35. Ne2 Rd1+ 36. Kg2 Ra1 37. Rb6 Kg7 38. Nc3 R4xa3 39. Nd5 Ra5 40.
Nc7 R1a2 41. Ne8+ Kf8 42. Nc7 Rf5 43. Rxa6 Rfxf2+ 44. Kg1 Rg2+ 45. Kf1 Rxh2 0-1

[Event "COL pre olympic sf3"]
[Site "Dosquebradas"]
[Date "2018.06.02"]
[Round "6"]
[White "Norena, Derly Jiseth"]
[Black "Vargas, Eduar Misael"]
[Result "1/2-1/2"]
[WhiteElo "1628"]
[BlackElo "1956"]
[PlyCount "40"]
[EventDate "2018.05.30"]
[EventType "swiss"]
[EventRounds "10"]
[EventCountry "COL"]
[SourceTitle "OM OTB B 201907"]
[Source "Opening Master"]
[SourceDate "2019.07.06"]
[SourceVersion "2"]
[SourceVersionDate "2019.07.06"]
[SourceQuality "1"]

1. e4 c5 2. Nf3 d6 3. d4 cxd4 4. Nxd4 Nf6 5. Nc3 Nc6 6. Be2 e5 7. Ndb5 a6 8.
Na3 Be7 9. Be3 b5 10. Nd5 O-O 11. Bf3 Be6 12. c4 bxc4 13. Nxc4 Rb8 14. b3 Bxd5
15. exd5 Na5 16. O-O Nxc4 17. bxc4 Nd7 18. Qa4 a5 19. Rab1 Qc7 20. Bd2 Bd8
1/2-1/2

[Event "TCh-FRA Top 12 2018"]
[Site "Brest FRA"]
[Date "2018.06.01"]
[Round "7.3"]
[White "Meylan, A."]
[Black "Abergel, T."]
[Result "0-1"]
[WhiteElo "2179"]
[BlackElo "2429"]
[PlyCount "98"]
[EventDate "2018.05.26"]
[EventType "team"]
[EventRounds "11"]
[EventCountry "FRA"]
[SourceTitle "The Week in Chess 1230"]
[Source "Mark Crowther"]
[SourceDate "2018.06.04"]
[SourceVersion "1"]
[SourceVersionDate "2018.06.04"]
[SourceQuality "2"]
[WhiteTeam "C.E.M.C. Monaco"]
[BlackTeam "Tremblay en France"]

1. e4 c5 2. Nf3 d6 3. d4 cxd4 4. Nxd4 Nf6 5. Nc3 Nc6 6. Be2 e5 7. Nf3 h6 8. O-O
Be6 9. Re1 Be7 10. h3 O-O 11. Bf1 a6 12. a4 Qc7 13. Nd5 Bxd5 14. exd5 Nb4 15.
c4 a5 16. b3 Nd7 17. Ba3 Nc5 18. Bxb4 axb4 19. Bd3 f5 20. Bc2 Rf7 21. Qd2 Qa5
22. Rad1 Raf8 23. Re2 Bd8 24. Rb1 Nd7 25. Kh1 Qc5 26. Rf1 Rf6 27. Ne1 e4 28.
Bb1 Qb6 29. f3 Nc5 30. Bc2 R6f7 31. fxe4 fxe4 32. Rxf7 Rxf7 33. Qe3 Rf1+ 34.
Kh2 Bg5 35. Qd4 Qd8 36. g3 Bf6 37. Qe3 Bg5 38. Qd4 Qf8 39. Bxe4 Nxb3 40. Qb2
Nc1 41. Kg2 Nxe2 42. Qxe2 Rf7 43. Nf3 Qe7 44. Nd4 Qe5 45. Qg4 Be3 46. Nc2 Bc5
47. h4 b3 48. Ne1 Re7 49. Bg6 Qe2+ 0-1

[Event "Guillermo Garcia Open"]
[Site "Santa Clara CUB"]
[Date "2018.05.30"]
[Round "8.31"]
[White "Mantilla Gras, Geydis de la C"]
[Black "Zarate Oyague, Flor De Maria"]
[Result "1-0"]
[WhiteElo "1993"]
[BlackElo "2029"]
[PlyCount "111"]
[EventDate "2018.05.22"]
[EventType "swiss"]
[EventRounds "9"]
[EventCountry "CUB"]
[SourceTitle "The Week in Chess 1230"]
[Source "Mark Crowther"]
[SourceDate "2018.06.04"]
[SourceVersion "1"]
[SourceVersionDate "2018.06.04"]
[SourceQuality "2"]

1. e4 c5 2. Nf3 d6 3. d4 cxd4 4. Nxd4 Nf6 5. Nc3 Nc6 6. Be2 e5 7. Nb3 Be6 8.
Bg5 Be7 9. O-O O-O 10. Qd2 h6 11. Bxf6 Bxf6 12. Rad1 Be7 13. Nd5 Bxd5 14. exd5
Nb8 15. Qb4 b6 16. f4 a5 17. Qa4 exf4 18. Rxf4 Bg5 19. Rf3 Nd7 20. Rdf1 Ne5 21.
Rc3 Qe7 22. Nd4 Rfc8 23. Nf5 Qd8 24. Rg3 Ng6 25. Bh5 Kh7 26. Bxg6+ fxg6 27. Nd4
Qe8 28. Qxe8 Rxe8 29. Ne6 Bf6 30. b3 Rac8 31. c4 Re7 32. Rg4 g5 33. Re4 Rb7 34.
a4 Kg6 35. g4 Kh7 36. Kg2 Kg6 37. Kg3 Kh7 38. Re2 Kg6 39. Ref2 Re8 40. Re2 Rc8
41. Rf3 Kh7 42. Kf2 Kg8 43. Ke3 Kh7 44. Kd3 Kg8 45. h3 Rf7 46. Ref2 Re7 47.
Rxf6 gxf6 48. Rxf6 Kh7 49. Nd4 Rce8 50. Nf5 Re1 51. Rxh6+ Kg8 52. Rxd6 Rd1+ 53.
Kc2 Ree1 54. Rxb6 Rc1+ 55. Kd3 Rcd1+ 56. Kc3 1-0

[Event "TCh-CHN 2018"]
[Site "China CHN"]
[Date "2018.05.24"]
[Round "7.1"]
[White "Liu, Manli"]
[Black "Bodnaruk, A."]
[Result "0-1"]
[WhiteElo "2183"]
[BlackElo "2446"]
[PlyCount "88"]
[EventDate "2018.04.11"]
[EventType "team"]
[EventRounds "22"]
[EventCountry "CHN"]
[SourceTitle "The Week in Chess 1229"]
[Source "Mark Crowther"]
[SourceDate "2018.05.28"]
[SourceVersion "2"]
[SourceVersionDate "2018.05.29"]
[SourceQuality "2"]
[WhiteTeam "Guangdong Ding Xin High Tech Team"]
[BlackTeam "Hebei sports lottery chess team"]

1. e4 c5 2. Nf3 d6 3. d4 cxd4 4. Nxd4 Nf6 5. Nc3 Nc6 6. Be2 e5 7. Nb3 Be7 8.
O-O O-O 9. Kh1 a5 10. a4 Nb4 11. Nd2 d5 12. exd5 Bf5 13. Nc4 Bxc2 14. Qd2 Bd6
15. Ne3 Bg6 16. Bc4 e4 17. b3 Nd7 18. Nb5 Bf4 19. Bb2 Qg5 20. Bd4 Ne5 21. Be2
Nxd5 22. g3 Bxe3 23. fxe3 Nf3 24. Bxf3 exf3 25. Rac1 Nb4 26. Rc5 Qg4 27. Rc3
Qe4 28. h3 Rad8 29. Kh2 Nd3 30. Rc4 Ne5 31. Rc7 Nc6 32. Qc3 Rfe8 33. Bxg7 Rd3
34. Qb2 Rxe3 35. Nc3 Qd3 36. Rf2 Kxg7 37. Nd5+ Qd4 38. Qxd4+ Nxd4 39. Nxe3 Rxe3
40. Rxb7 Be4 41. Rb6 Nxb3 42. g4 Nc5 43. Rb5 Nd3 44. Rb3 Re2 0-1

[Event "1st Bohumin Open 2018"]
[Site "Bohumin CZE"]
[Date "2018.05.20"]
[Round "1.16"]
[White "Hladik, L."]
[Black "Cieply, Krzysztof"]
[Result "1-0"]
[WhiteElo "2023"]
[BlackElo "1320"]
[PlyCount "69"]
[EventDate "2018.05.20"]
[EventType "swiss"]
[EventRounds "8"]
[EventCountry "CZE"]
[SourceTitle "The Week in Chess 1229"]
[Source "Mark Crowther"]
[SourceDate "2018.05.28"]
[SourceVersion "2"]
[SourceVersionDate "2018.05.29"]
[SourceQuality "2"]

1. e4 c5 2. Nf3 Nc6 3. d4 cxd4 4. Nxd4 Nf6 5. Nc3 d6 6. Be2 e5 7. Nf3 h6 8. O-O
Be7 9. Re1 O-O 10. b3 Be6 11. Bb2 Qc7 12. Nd5 Bxd5 13. exd5 Nb4 14. c4 Na6 15.
Bf1 Qb6 16. h3 Nc5 17. Qc2 a5 18. Rab1 Qa7 19. Nd4 a4 20. Nf5 Rfe8 21. b4 Ncd7
22. a3 Bf8 23. Qd2 Rac8 24. Rbc1 e4 25. Bd4 Qa8 26. Bxf6 Nxf6 27. Qd4 Red8 28.
Nxh6+ gxh6 29. Qxf6 Bg7 30. Qf5 e3 31. Rxe3 b5 32. Re7 Rf8 33. Bd3 Rfe8 34.
Qxf7+ Kh8 35. Qxg7# 1-0

[Event "93rd ch-ARG Semi-Final"]
[Site "Buenos Aires ARG"]
[Date "2018.05.19"]
[Round "1.5"]
[White "Churba, D."]
[Black "Sosa, T ARG."]
[Result "0-1"]
[WhiteElo "2092"]
[BlackElo "2463"]
[PlyCount "44"]
[EventDate "2018.05.19"]
[EventType "swiss"]
[EventRounds "9"]
[EventCountry "ARG"]
[SourceTitle "The Week in Chess 1229"]
[Source "Mark Crowther"]
[SourceDate "2018.05.28"]
[SourceVersion "2"]
[SourceVersionDate "2018.05.29"]
[SourceQuality "2"]

1. e4 c5 2. Nf3 d6 3. d4 cxd4 4. Nxd4 Nf6 5. Nc3 Nc6 6. Be2 e5 7. Nb3 Be7 8.
Be3 Be6 9. O-O O-O 10. f4 exf4 11. Rxf4 Rc8 12. Nd5 Bxd5 13. exd5 Ne5 14. Rb4
b6 15. a4 Nfd7 16. Ba6 Rc7 17. a5 Bg5 18. Bf2 Nc5 19. axb6 axb6 20. Be2 Qf6 21.
Rxb6 Ne4 22. Bd4 Qh6 0-1